Plan estratégico para la Fundación Centro de Promoción del Desarrollo Local (CEPRODEL)
Presenta la estrategia de cambio que requiere CEPRODEL en su situación actual. Se definirán los instrumentos necesarios para realizar un diagnóstico de la organización, una especie de estado de situación de la misma. El trabajo de investigación conceptualiza los elementos que conforman el plan...
| Main Authors: | , |
|---|---|
| Other Authors: | |
| Format: | Tesis Section = Libro |
| Language: | Undetermined Spanish |
| Published: |
Managua
UNI
2016
|
| Subjects: |
| LEADER | 01301nam a2200265Ia 4500 | ||
|---|---|---|---|
| 008 | 240830s9999 xx 000 0 und d | ||
| 040 | |a BIBLIOTECA-RUSB/ M.Mon 658.401 P852 | ||
| 041 | |a spa | ||
| 082 | |a M.Mon 658.401 P852 | ||
| 100 | 1 | |a Portillo Salazar, Tayron Alí | |
| 100 | 1 | |b Cisneros Sandoval, Julio Adolfo | |
| 245 | 1 | 0 | |a Plan estratégico para la Fundación Centro de Promoción del Desarrollo Local (CEPRODEL) |
| 260 | |a Managua |b UNI |c 2016 | ||
| 300 | |a 106 p. :il. | ||
| 500 | |a Contiene: anexos e Incluye: CD. | ||
| 502 | |a Tesis (Máster en Gestión Empresarial) - UNI, 2016. | ||
| 520 | 3 | |a Presenta la estrategia de cambio que requiere CEPRODEL en su situación actual. Se definirán los instrumentos necesarios para realizar un diagnóstico de la organización, una especie de estado de situación de la misma. El trabajo de investigación conceptualiza los elementos que conforman el plan estratégico que deberá aplicarse y orientar sus acciones para lograr la existencia de la función organizativa. | |
| 650 | 7 | |a PLAN ESTRATEGICO | |
| 650 | 7 | |b ADMINISTRACION ESTRATEGICA | |
| 650 | 7 | |c DIRECCIONAMIENTO ESTRATEGICO | |
| 650 | 7 | |d DESARROLLO LOCAL | |
| 700 | 1 | |a Tutor: |b Zúñiga Morales, Gonzalo de Jesús | |
| 942 | |c BK |2 ddc | ||
| 991 | |a TESIS | ||
| 999 | |c 19375 | ||